00547nam a2200181 a 45000010010000000030011000100080041000210350026000620820014000881000023001022450044001252600047001696500012002169420012002289520090002409980020003309990015003500000-8933ELIB.Books110520 1997  a(ELIB.Books)0000-9081 aFic bWil aWilliamson, Martha aTouched by an Angel a Christmas Miracle bNashville: Thomas Nelson Publishers c1997 aFiction 2ddccBK 00102ddc4070aKBTSbKBTSd2011-05-20l0p9453r2022-01-22 00:00:00w2022-01-22yBK cbate2011-05-20 c8933d8933